<?xml version="1.0" encoding="UTF-8"?>
<record
    xmlns:xsi="http://www.w3.org/2001/XMLSchema-instance"
    xsi:schemaLocation="http://www.loc.gov/MARC21/slim http://www.loc.gov/standards/marcxml/schema/MARC21slim.xsd"
    xmlns="http://www.loc.gov/MARC21/slim">

  <leader>03082nam a2200337 a 4500</leader>
  <controlfield tag="003">OSt</controlfield>
  <controlfield tag="005">20250923142405.0</controlfield>
  <controlfield tag="007">cr ||||||a|a|a</controlfield>
  <controlfield tag="008">250825s2025    mx a|||fom||| 001 0 spa d</controlfield>
  <datafield tag="040" ind1=" " ind2=" ">
    <subfield code="e">rda</subfield>
  </datafield>
  <datafield tag="100" ind1="1" ind2=" ">
    <subfield code="a">Vel&#xE1;zquez Vel&#xE1;zquez, Alexa Ximena</subfield>
    <subfield code="9">190970</subfield>
  </datafield>
  <datafield tag="245" ind1="1" ind2="0">
    <subfield code="a">Sencibilidad de Colletotrichum gloeosporioides y Lasiodiplodia theobromae a diferentes fungicidas qu&#xED;micos /</subfield>
    <subfield code="c">por Alexa Ximena Vel&#xE1;zquez Vel&#xE1;zquez; director de tesis Santos Gerardo Leyva Mir; secretario Isabel Nativitas Lima; vocal Mois&#xE9;s Camacho Tapia; suplente Calixto Leopoldo Carrilo Fonseca; suplente Calendario Santillan Ortega.</subfield>
  </datafield>
  <datafield tag="264" ind1=" " ind2="1">
    <subfield code="a">Chapingo, M&#xE9;xico :</subfield>
    <subfield code="b">El autor,</subfield>
    <subfield code="c">2025.</subfield>
  </datafield>
  <datafield tag="300" ind1=" " ind2=" ">
    <subfield code="a">1 recurso en l&#xED;nea (61 p&#xE1;ginas):</subfield>
    <subfield code="b">cuadros, figuras.</subfield>
  </datafield>
  <datafield tag="336" ind1=" " ind2=" ">
    <subfield code="2">rdacontent</subfield>
    <subfield code="a">texto</subfield>
    <subfield code="b">txt</subfield>
  </datafield>
  <datafield tag="337" ind1=" " ind2=" ">
    <subfield code="2">rdamedia</subfield>
    <subfield code="a">computadora</subfield>
    <subfield code="b">c</subfield>
  </datafield>
  <datafield tag="338" ind1=" " ind2=" ">
    <subfield code="2">rdacarrier</subfield>
    <subfield code="a">recurso en l&#xED;nea</subfield>
    <subfield code="b">cr</subfield>
  </datafield>
  <datafield tag="502" ind1=" " ind2=" ">
    <subfield code="b">IAEPA</subfield>
    <subfield code="c">Parasitolog&#xED;a</subfield>
    <subfield code="d">2025.</subfield>
    <subfield code="g">LIC</subfield>
  </datafield>
  <datafield tag="504" ind1=" " ind2=" ">
    <subfield code="a">Incluye referencias bibliogr&#xE1;ficas:56-61 p&#xE1;ginas .</subfield>
  </datafield>
  <datafield tag="520" ind1=" " ind2=" ">
    <subfield code="a">El cultivo de ar&#xE1;ndano ha adquirido relevancia en a&#xF1;os recientes y presenta una gran demanda en el mercado. En M&#xE9;xico es uno de los cultivos m&#xE1;s importantes debido al volumen de sus exportaciones y su significativo aporte econ&#xF3;mico. Sin embargo, su producci&#xF3;n se puede ver mermada por la presencia de enfermedades fungosas. El objetivo de este estudio fue evaluar a cuatro fungicidas bajo condiciones in vitro en la inhibici&#xF3;n del crecimiento micelial de Colletotrichum gloeosporioides y de Lasiodiplodia theobromae, causantes de antracnosis y muerte descendente, respectivamente. Se probaron cinco diferentes dosis de azoxystrobin, pyraclostrobin, benomilo y tiabendazol, m&#xE1;s un testigo absoluto sin fungicida. Cada tratamiento tuvo cinco repeticiones y el dise&#xF1;o experimental fue completamente al azar. La medici&#xF3;n se realiz&#xF3; cada 24 h hasta que el micelio en el testigo llen&#xF3; la caja Petri. Utilizando un an&#xE1;lisis de varianza y una comparaci&#xF3;n de m&#xFA;ltiple de medias de Tukey (&#x3B1;=0.05) en el programa estad&#xED;stico SAS se obtuvo que Colletotrichum gloeosporioides y Lasiodiplodia theobromae fueron sensibles a benomilo en casi todas sus dosis, siendo el porcentaje de inhibici&#xF3;n de 71.88 y 77.39 %, respectivamente, con una dosis de 0.08 mg&#x2022;L, y para C. gloeosporioides hasta un 91.25 % de inhibici&#xF3;n con 0.1 mg&#x2022;L. Por el contrario, ninguno de los otros fungicidas result&#xF3; efectivo a&#xFA;n en sus dosis m&#xE1;s altas en ambos hongos.</subfield>
  </datafield>
  <datafield tag="650" ind1=" " ind2="4">
    <subfield code="a">Ar&#xE1;ndano</subfield>
    <subfield code="x">Enfermedades por hongos</subfield>
    <subfield code="9">191225</subfield>
  </datafield>
  <datafield tag="650" ind1=" " ind2="4">
    <subfield code="a">Fungicidas</subfield>
    <subfield code="x">An&#xE1;lisis</subfield>
    <subfield code="9">44045</subfield>
  </datafield>
  <datafield tag="650" ind1=" " ind2="4">
    <subfield code="a">Antracnosis</subfield>
    <subfield code="x">Control</subfield>
    <subfield code="9">191226</subfield>
  </datafield>
  <datafield tag="700" ind1="1" ind2=" ">
    <subfield code="a">Leyva Mir, Santos Gerardo</subfield>
    <subfield code="9">66581</subfield>
    <subfield code="e">director.</subfield>
  </datafield>
  <datafield tag="700" ind1="1" ind2=" ">
    <subfield code="a">Nativitas Lima, Isabel</subfield>
    <subfield code="9">129577</subfield>
    <subfield code="e">secretario.</subfield>
  </datafield>
  <datafield tag="700" ind1="1" ind2=" ">
    <subfield code="a">Camacho Tapia, Moises</subfield>
    <subfield code="9">17710</subfield>
    <subfield code="e">vocal.</subfield>
  </datafield>
  <datafield tag="700" ind1="1" ind2=" ">
    <subfield code="a">Carrillo Fonseca, Calixto Leopoldo</subfield>
    <subfield code="9">19482</subfield>
    <subfield code="e">suplente.</subfield>
  </datafield>
  <datafield tag="700" ind1="1" ind2=" ">
    <subfield code="a">Santill&#xE1;n Ortega, Candelario</subfield>
    <subfield code="9">102429</subfield>
    <subfield code="e">suplente.</subfield>
  </datafield>
  <datafield tag="856" ind1=" " ind2=" ">
    <subfield code="u">http://10.13.5.2/tesis/tl/1712778-6_VELAZQUEZ_VELAZQUEZ_ALEXAXIMENA.pdf</subfield>
    <subfield code="z">DESCARGAR PDF</subfield>
  </datafield>
  <datafield tag="942" ind1=" " ind2=" ">
    <subfield code="2">Clasificaci&#xF3;n Universidad Aut&#xF3;noma Chapingo</subfield>
    <subfield code="c">TD</subfield>
  </datafield>
  <datafield tag="999" ind1=" " ind2=" ">
    <subfield code="c">220849</subfield>
    <subfield code="d">220849</subfield>
  </datafield>
  <datafield tag="952" ind1=" " ind2=" ">
    <subfield code="0">0</subfield>
    <subfield code="1">0</subfield>
    <subfield code="2">local</subfield>
    <subfield code="4">0</subfield>
    <subfield code="5">1</subfield>
    <subfield code="7">0</subfield>
    <subfield code="8">TesDigL</subfield>
    <subfield code="a">BD</subfield>
    <subfield code="b">BD</subfield>
    <subfield code="c">E_L</subfield>
    <subfield code="d">2025-08-25</subfield>
    <subfield code="l">0</subfield>
    <subfield code="o">Tesis digital</subfield>
    <subfield code="r">2025-08-25 13:18:33</subfield>
    <subfield code="w">2025-08-25</subfield>
    <subfield code="y">TD</subfield>
  </datafield>
</record>
